Leyes comerciales de Estados Unidos como resultado de La Ronda Uruguay

Uloženo v:
Podrobná bibliografie
Hlavní autor: Mastel, Greg (autor)
Médium: Kniha
Jazyk:španělština
Vydáno: Buenos Aires Heliasta 1998
Témata:
Tagy: Přidat tag
Žádné tagy, Buďte první, kdo vytvoří štítek k tomuto záznamu!

MARC

LEADER 00000nam a2200000 a 4500
001 UCP6559
003 CL-VaPUC
008 991029e19980000AG |||||||||||||||||spa|d
082 0 4 |a 341.754  |b MAS  |2 21 
100 |a Mastel, Greg  |e autor  |9 435695 
245 1 0 |a Leyes comerciales de Estados Unidos como resultado de La Ronda Uruguay 
300 |a 247 p 
942 |c BK 
945 |d 19991029 00:00:00  |a vberengu 
260 |a Buenos Aires  |b Heliasta  |c 1998 
650 0 |a Comercio  |9 255341 
650 0 |a Derecho comercial   |9 256340 
650 7 |a LEGISLACION  |2 CL-VaPUC  |9 435696 
650 7 |a EXPORTACIONES  |2 CL-VaPUC  |9 255382 
650 7 |a OPERACIONES COMERCIALES  |2 CL-VaPUC  |9 337866 
651 0 |a Estados Unidos  |9 255178 
583 |a last modification  |c 19991029 00:00:00  |k Rodrigo Vera 
999 |c 284068  |d 284066 
952 |0 0  |1 0  |4 0  |6 341_754000000000000_MAS_1998  |7 0  |8 A  |9 327805  |a BIBDER  |b BIBDER  |d 2019-11-20  |i 3569314  |o 341.754 MAS 1998  |p 3569314  |r 2023-01-25  |w 2019-11-20  |y BK  |k DER